LEADER 01519nam a2200349 a 4500 001 000000124896 003 CaOOAMICUS 005 20110331150213.0 008 110331s2010 it u000 u ita r 020 $a978-88-348-1516-8 040 $aPUL$bita 082 04$a349.42 100 1 $aMattei, Ugo.$0(OLS)http://pul/name/40842 245 13$aIl modello di common law /$cUgo Mattei ; con la collaborazione di Emanuele Ariano e Giacomo Marchisio. 250 $aTerza edizione 260 $aTorino :$bG. Giappichelli,$c©2010. 300 $aXXXIV, 283 p. ;$c24 cm 490 1 $aSistemi giuridici comparati ;$v02 504 $aBibliografia p. [XIII]-XXXI. 650 4$aGlobalizzazione (diritto).$0(OLS)http://pul/subject/36029 650 4$aCodificazione$zEuropa$xStoria.$0(OLS)http://pul/subject/34990 700 1 $aAriano, Emanuele.$0(OLS)http://pul/name/78906 700 1 $aMarchisio, Giacomo.$0(OLS)http://pul/name/78907 830 0$aSistemi giuridici comparati (G. Giappichelli) ;$v02.$0(OLS)http://pul/title/157464 850 $aPUL 852 $aPUL$W1$xSL Diritto e Scienze Sociali 3$y79$m349. 42 MATUG 1$j143816$qDDC 21$B142829$CPULBib$Z2$F142829 $H116308 $82 941 1 $a9 996 $6020$a978-88-348-1516-8$9(OLS)http://pul/number/146843 996 $6082$a349.42$9(OLS)http://pul/classification/1946 996 $6245$aIl modello di common law$9(OLS)http://pul/title/157463 996 $6260$aTorino :$bG. Giappichelli$9(OLS)http://pul/publisher/49130 LEADER 01197nam a2200265 a 4500 001 000000164749 003 CaOOAMICUS 005 20171201103143.0 008 171201s1943 it m u001 u lat r 032 $aLibriCat 040 $aPUL$bita 100 1 $aBobák, Alexander.$0(OLS)http://pul/name/105988 245 10$aDe jure patronatus supremi quoad ecclesiam Ruthenicam in Hungaria /$cDr. Alexander Bobak. 260 $aRomae :$bOfficium libri catholici,$c1943. 300 $a101 p. ;$c24 cm. 502 $aTesi. Pontificium Institutum Ecclesiasticum Hungarorum in Urbe. 1943. 504 $aBibliografia in nota a pič pagina. 651 4$aUngheria$xStoria ecclesiastica.$0(OLS)http://pul/subject/13774 710 2 $aPontificium Athenaeum Urbanianum.$kTesi.$0(OLS)http://pul/name/105989 850 $aPUL 852 $aPUL$W1$xDP1 Tesi Pon. Univ. Urbaniana$y49$mTH URB 14$j188922$qTesi$B192063$CPULBib$Z2$F192063 $H12134 $82 941 1 $a16 996 $6245$aDe jure patronatus supremi quoad ecclesiam Ruthenicam in Hungaria$9(OLS)http://pul/title/204434 996 $6260$aRomae :$bOfficium libri catholici$9(OLS)http://pul/publisher/81242